01469nam a22003617a 4500003000500000005001700005008004100022010001000063011001000073035001000083040000900093090001800102100003900120245014000159260005800299300000900357500012200366590004100488590004100529590004100570590004100611590004100652590004200693650005600735650002900791700003500820700004100855901000700896942000900903949005300912999001700965952012500982CHAP20220329141032.0971013s1992 r 00010 d a61624 a62596 a66770 cCHAP aFolleto 1476400aNúñez Escobar, Roberto.981932 aCaracterización de variedades criollas de haba (Vicia faba L.) a la resistencia a factores adversos en los Llanos de Serdán, Puebla aMontecillo, Méx. :bColegio de Postgraduados,c1992 a4 h. aAntepropuestas para presentarse ante la Organización de las Naciones Unidas para la Agricultura y la Alimentación aBATCH-UPDb10c20130110lUCH01h0055 aBATCH-UPDb10c20130110lUCH01h0657 aBATCH-UPDb10c20130110lUCH01h2355 aBATCH-UPDb10c20130409lUCH01h2043 aBATCH-UPDb10c20130914lUCH01h1559 aCONVERSIONb10c20130109lUCH01h133314aHabaxVariedades resistentes a enfermedades.95212914aHabaxVariedades.9521280 aLivera Díaz, Domingo.9671980 aSandoval Castro, Engelberto.9102105 aBK cFOLL aFolleto 14764bBCcUACHd-152002eUACHi66770si c61624d61624 00104051708UACHaBCbBCcPA_UACHd2012-12-17fFOLLl0oFolleto 14764p-152002r2019-12-31 00:00:00w2012-12-17yFOLL